[Event "Santo Domingo Guzman Cup"]
[Site "Santo Domingo"]
[Date "2017.10.28"]
[Round "7"]
[White "Pimentel Francisco, Rosaura"]
[Black "Martinez Vasquez, Reynaldo A"]
[Result "0-1"]
[WhiteElo "1710"]
[BlackElo "1724"]
[PlyCount "70"]
[EventDate "2017.10.20"]
[EventType "swiss"]
[EventRounds "8"]
[EventCountry "DOM"]
[SourceTitle "CBM 181 Extra"]
[Source "ChessBase"]
[SourceDate "2017.12.12"]
[SourceVersion "1"]
[SourceVersionDate "2017.12.12"]
[SourceQuality "1"]

1. e4 c5 2. Nf3 d6 3. d4 cxd4 4. Nxd4 Nf6 5. Nc3 a6 6. Bc4 e6 7. Bb3 Qc7 8. 0-0 Be7 9. Re1 Nc6 10. Nf3 Na5 11. Bg5 0-0 12. Qe2 b5 13. Rac1 Bb7 14. a4 Rac8 15. h3 Nc4 16. Bxc4 Qxc4 17. Qxc4 Rxc4 18. Nd2 Rc7 19. f3 h6 20. Bh4 g5 21. Bf2 Nh5 22. Ne2 Bf6 23. c3 Rfc8 24. Rcd1 d5 25. exd5 Bxd5 26. Bd4 Be7 27. Be5 Rd7 28. Nf1 f6 29. Bh2 Bc5+ 30. Kh1 Bf2 31. Neg3 Nxg3+ 32. Nxg3 Bxe1 33. Rxe1 Kf7 34. Ne2 e5 35. Nc1 Be6 0-1

[Event "DOM-ch U20"]
[Site "Santo Domingo"]
[Date "2015.09.25"]
[Round "4"]
[White "Nieto Rodriguez, Alejandro"]
[Black "Martinez Vasquez, Reynaldo A"]
[Result "1-0"]
[WhiteElo "2108"]
[BlackElo "1756"]
[PlyCount "53"]
[EventDate "2015.09.24"]
[EventType "swiss"]
[EventRounds "8"]
[EventCountry "DOM"]
[SourceTitle "EXT 2017"]
[Source "ChessBase"]
[SourceDate "2016.10.25"]
[SourceVersion "1"]
[SourceVersionDate "2016.10.25"]
[SourceQuality "1"]

1. e4 c5 2. Nf3 d6 3. d3 Nc6 4. g3 Nf6 5. Bg2 e6 6. 0-0 Qc7 7. Re1 Be7 8. c3 d5 9. Nbd2 dxe4 10. dxe4 e5 11. Nf1 Bg4 12. h3 Rd8 13. Qe2 Bh5 14. Bg5 Bxf3 15. Qxf3 0-0 16. g4 Ne8 17. Be3 b6 18. Ng3 g6 19. Bh6 Ng7 20. Bf1 Qd6 21. Bb5 Nb8 22. Qe2 Bh4 23. Nf1 Ne6 24. Bxf8 Qxf8 25. Rad1 Qh6 26. Bc4 Rf8 27. Ne3 1-0